=LDR 00000nam 2200000 4500 =001 INLIS000000000063603 =005 20240515011126 =035 ##$$a 0010-0524000052 =007 ta =008 240515################g##########f#ind## =100 #$$a Faziela =245 ##$$a Si mangkuk tingkat /$c Faziela =250 ##$$a Cetakan Keempat, Desember 2012 =300 ##$$a 471 halaman ; $c 18,5 cm =041 ##$$a ind =082 ##$$a 899.233 3 =084 ##$$a 899.233 3 FAZ s =264 ##$$a Selangor :$b Jemari Seni,$c 2012 =336 ##$$a teks$2 rdacontent =337 ##$$a tanpa perantara$2 rdamedia =338 ##$$a volume$2 rdacarrier =650 #4$$a Fiksi Malaysia =990 ##$$a 10641064